| 000 | 00607cam a2200217 4500500 | ||
|---|---|---|---|
| 005 | 20260329004501.0 | ||
| 041 | _afre | ||
| 042 | _adc | ||
| 100 | 1 | 0 |
_aEnjalbert, Cédric _eauthor |
| 245 | 0 | 0 | _aMémorandum |
| 260 | _c2020. | ||
| 500 | _a15 | ||
| 690 | _aArchive | ||
| 690 | _aChristian Boltanski | ||
| 690 | _aGiorgio Agamben | ||
| 690 | _aMémoire | ||
| 690 | _aShoah | ||
| 690 | _aSouvenir | ||
| 786 | 0 | _nPhilosophie magazine | 136 | 2 | 2020-02-01 | p. 70-70 | 1951-1787 | |
| 856 | 4 | 1 | _uhttps://shs.cairn.info/magazine-philosophie-magazine-2020-2-page-70?lang=fr&redirect-ssocas=7080 |
| 999 |
_c1834352 _d1834352 |
||